| 000 | 01000cam a2200265 a 4500 | ||
|---|---|---|---|
| 003 | CO-ViMGA | ||
| 008 | 080620t 2006sp aeo r 000 0 spa d | ||
| 020 | _a8434225492 | ||
| 040 |
_aCO-ViMGA _bspa _cCO-ViMGA |
||
| 082 | 0 | 4 |
_a720.284 _bD35 _221 |
| 100 | 1 |
_aDelgado Yanes, Magali _92861 |
|
| 245 | 1 | 0 |
_aDibujo a mano alzada para arquitectos _ctextos Magali Delgado Yanes y Ernest Redondo Domínguez ; edición Tomàs Ubach |
| 250 | _a2a ed. | ||
| 260 |
_aBarcelona, España _bParramón Ediciones _cc2006. |
||
| 300 |
_a191 p. _bilustraciones, fotos a color y planos _c29 cm. |
||
| 504 | _aIncluye referencias bibliográficas (p. 191) y glosario. | ||
| 650 | 1 | 4 |
_aDibujo arquitectónico _92862 |
| 650 | 2 | 4 |
_aArquitectura _vDiseños y planos _92866 |
| 650 | 2 | 4 |
_aDibujo arquitectónico _xTécnica _92863 |
| 650 | 2 | 4 |
_aDibujo técnico _xTécnica _92864 |
| 650 | 2 | 4 |
_aDiseño arquitectónico _92865 |
| 700 | 1 |
_aRedondo Domínguez, Ernest _92867 |
|
| 700 | 1 |
_aUbach, Tomàs _eEd. _92868 |
|
| 942 |
_2ddc _cBK |
||
| 999 |
_c35369 _d35369 |
||